[Event "Sydney International Open"]
[Site "Parramatta, NSW"]
[Date "2010.04.08"]
[Round "3.10"]
[White "Cameron, Alistair"]
[Black "Nakauchi, Gene"]
[Result "1/2-1/2"]
[WhiteElo "1862"]
[BlackElo "2119"]
[PlyCount "203"]
[EventDate "2010.04.07"]
[EventType "swiss"]
[EventRounds "9"]
[EventCountry "AUS"]
[SourceDate "2010.04.07"]

1. d4 Nf6 2. c4 c5 3. d5 e6 4. Nc3 exd5 5. cxd5 d6 6. e4 g6 7. f4 Bg7 8. Nf3
O-O 9. Be2 a6 10. O-O b5 11. e5 dxe5 12. fxe5 Ng4 13. Bf4 Re8 14. a4 b4 15. Ne4
Nxe5 16. Nxe5 Bxe5 17. Bg5 Qb6 18. Nf6+ Bxf6 19. Rxf6 Qa7 20. Qd2 Nd7 21. Raf1
c4+ 22. Kh1 Nxf6 23. Bxf6 Qe3 24. Qxe3 Rxe3 25. Bxc4 Bf5 26. d6 Be6 27. Rd1
Bxc4 28. d7 Bd3 29. Kg1 Re6 30. d8=Q+ Rxd8 31. Bxd8 Bc2 32. Rd4 Bxa4 33. Rxb4
Bb5 34. Kf2 h5 35. Bg5 Re2+ 36. Kf3 Rc2 37. Bf6 Kh7 38. h4 Bc6+ 39. Ke3 Rxg2
40. Rb8 g5 41. Rh8+ Kg6 42. hxg5 {White offered a draw.} Rh2 43. Kf4 Rf2+ 44.
Ke5 Re2+ 45. Kf4 Re4+ 46. Kg3 Rg4+ 47. Kh3 Rg1 48. Kh2 Rh1+ 49. Kg3 Kf5 50. Rh7
Bd5 51. Rh8 Be4 52. Rh7 Rg1+ 53. Kf2 Rg2+ 54. Ke3 Rg3+ 55. Kf2 Rf3+ 56. Ke2 Kg4
57. Rxf7 h4 58. Rf8 h3 59. Rh8 Bd3+ 60. Kd2 Bg6 61. Ke2 {White offered a draw.}
Rg3 62. Kf2 Rg2+ 63. Kf1 Bd3+ 64. Ke1 h2 65. Be5 Rg1+ 66. Kd2 h1=Q 67. Rxh1
Rxh1 68. Kxd3 Kxg5 69. Kc4 Kf5 70. Bc3 Ke4 71. Bf6 Rh6 72. Bd4 Rc6+ 73. Bc5 Rc8
74. b4 Rc7 75. Kb3 Kd5 76. Ka4 Kc6 77. Ka5 Kb7 78. Ka4 Rf7 79. b5 Rf5 80. bxa6+
Kxa6 81. Kb4 Rf4+ 82. Kc3 Kb5 83. Be3 Rh4 84. Kd3 Kc6 85. Bd4 Kd5 86. Bf2 Rh3+
87. Be3 Rg3 88. Ke2 Ke4 89. Ba7 Ra3 90. Bb6 Ra2+ 91. Kf1 Kf3 92. Kg1 Rg2+ 93.
Kh1 Rg6 94. Bg1 Rh6+ 95. Bh2 Rh7 96. Kg1 Rg7+ 97. Kh1 Kf2 98. Bd6 Rg1+ 99. Kh2
Rc1 100. Bg3+ Kf3 101. Bb8 Rc8 102. Bd6 1/2-1/2

[Event "Sydney International Open"]
[Site "Parramatta, NSW"]
[Date "2010.04.08"]
[Round "3.11"]
[White "McNamara, Gary"]
[Black "Johansen, Darryl"]
[Result "1-0"]
[WhiteElo "2117"]
[BlackElo "2457"]
[PlyCount "69"]
[EventDate "2010.04.07"]
[EventType "swiss"]
[EventRounds "9"]
[EventCountry "AUS"]
[SourceDate "2010.04.07"]

1. d4 Nf6 2. Nf3 c5 3. e3 b6 4. Be2 g6 5. O-O Bg7 6. b3 O-O 7. Bb2 Bb7 8. Nbd2
Na6 9. c3 Rc8 10. a3 Nc7 11. b4 cxd4 12. cxd4 d6 13. Qb3 Qd7 14. h3 Bd5 15. Bc4
Bxc4 16. Qxc4 Ncd5 17. Qd3 b5 18. Rac1 a6 19. e4 Nf4 20. Qe3 Bh6 21. Kh1 Kg7
22. Qb3 d5 23. Ne5 Qb7 24. Ng4 Nxg4 25. hxg4 dxe4 26. d5+ f6 27. Nxe4 Qxd5 28.
Qxd5 Nxd5 29. g5 Nf4 30. gxh6+ Kxh6 31. Nc5 Rc6 32. Rfe1 e5 33. g3 Nd5 34. Red1
Nb6 35. Nd7 1-0

[Event "Sydney International Open"]
[Site "Parramatta, NSW"]
[Date "2010.04.08"]
[Round "3.12"]
[White "Broekhuyse, Paul"]
[Black "Ly, Moulthun"]
[Result "1/2-1/2"]
[WhiteElo "2108"]
[BlackElo "2315"]
[PlyCount "118"]
[EventDate "2010.04.07"]
[EventType "swiss"]
[EventRounds "9"]
[EventCountry "AUS"]
[SourceDate "2010.04.07"]

1. d4 Nf6 2. c4 e6 3. Nc3 Bb4 4. e3 O-O 5. Bd3 d5 6. Nf3 c5 7. O-O b6 8. Ne5
Bb7 9. a3 Bxc3 10. bxc3 dxc4 11. Bxc4 Nbd7 12. Nxd7 Qxd7 13. f3 Rfd8 14. Bb2
Qc7 15. Qe2 Rac8 16. Rac1 e5 17. e4 Qe7 18. d5 Ne8 19. Bd3 c4 20. Bb1 Nd6 21.
Rce1 f6 22. Bc1 Ba6 23. f4 exf4 24. Bxf4 Nb5 25. e5 Nxc3 26. Bxh7+ Kxh7 27.
Qc2+ Kg8 28. d6 Qe6 29. exf6 Qxf6 30. Be5 Qg5 31. Qxc3 Bb7 32. Qh3 Rc5 33. Rf5
Qg6 34. Rf4 Bc8 35. Qh4 Re8 36. Rfe4 Bd7 37. R4e3 Qg4 38. Qxg4 Bxg4 39. Bc3
Rxe3 40. Rxe3 Rd5 41. Rg3 Bf5 42. Rxg7+ Kf8 43. Rxa7 Ke8 44. Rc7 Rxd6 45. Rxc4
Rd1+ 46. Kf2 Rc1 47. Ke3 Be6 48. Kd2 Rg1 49. Rc6 Rxg2+ 50. Ke3 Kd7 51. Rxb6
Rxh2 52. a4 Rh3+ 53. Kd4 Rh4+ 54. Ke5 Rh5+ 55. Kf6 Rf5+ 56. Kg6 Rc5 57. Bb4 Rc6
58. Rb7+ Kc8 59. Ra7 Bb3+ 1/2-1/2

[Event "Sydney International Open"]
[Site "Parramatta, NSW"]
[Date "2010.04.08"]
[Round "3.13"]
[White "Ikeda, Junta"]
[Black "Stead, Kerry"]
[Result "1-0"]
[WhiteElo "2302"]
[BlackElo "2087"]
[PlyCount "93"]
[EventDate "2010.04.07"]
[EventType "swiss"]
[EventRounds "9"]
[EventCountry "AUS"]
[SourceDate "2010.04.07"]

1. c4 Nf6 2. Nf3 e6 3. d4 b6 4. Bf4 Bb7 5. e3 Ne4 6. Nfd2 Nxd2 7. Qxd2 f5 8.
Nc3 Be7 9. d5 O-O 10. h4 Na6 11. O-O-O Bf6 12. f3 e5 13. Bg3 d6 14. Bf2 Bc8 15.
Be2 Nc5 16. b4 Nb7 17. e4 a5 18. a3 Qe7 19. exf5 axb4 20. axb4 Bd7 21. g4 Qf7
22. Bd3 Ra7 23. Be4 Rfa8 24. Rdg1 Qe8 25. g5 Bd8 26. h5 Ra1+ 27. Kb2 Rxg1 28.
Bxg1 Qf8 29. Be3 Bxf5 30. g6 Bxe4 31. fxe4 Qf3 32. Qf2 Qxf2+ 33. Bxf2 Bg5 34.
Nb5 Rf8 35. Bh4 Bd2 36. Nxc7 Bxb4 37. Ne6 Rf3 38. Ng5 Rf4 39. Ne6 Rf3 40. gxh7+
Kh8 41. Rg1 Nc5 42. Rxg7 Nxe6 43. dxe6 d5 44. e7 Bxe7 45. Rxe7 dxc4 46. Be1 Re3
47. Bc3 1-0

[Event "Sydney International Open"]
[Site "Parramatta, NSW"]
[Date "2010.04.08"]
[Round "3.16"]
[White "Descallar, Levi"]
[Black "Steadman, Michael"]
[Result "0-1"]
[WhiteElo "1979"]
[BlackElo "2264"]
[PlyCount "45"]
[EventDate "2010.04.07"]
[EventType "swiss"]
[EventRounds "9"]
[EventCountry "AUS"]
[SourceDate "2010.04.07"]

1. d4 g6 2. Nf3 Bg7 3. e4 d6 4. Nc3 a6 5. Be2 Nd7 6. Bg5 b5 7. a3 Bb7 8. O-O h6
9. Bh4 Ngf6 10. e5 Nh7 11. Re1 g5 12. Bg3 O-O 13. Bd3 f5 14. exf6 Rxf6 15. Ne4
Rf8 16. Qe2 Re8 17. c4 bxc4 18. Nexg5 Nxg5 19. Nxg5 e5 20. Bh7+ Kf8 21. dxe5
Qxg5 22. Qxc4 Nxe5 23. Bxe5 0-1

[Event "Sydney International Open"]
[Site "Parramatta, NSW"]
[Date "2010.04.08"]
[Round "3.17"]
[White "Rujevic, Mirko"]
[Black "Grigg, Sam"]
[Result "1-0"]
[WhiteElo "2261"]
[BlackElo "1979"]
[PlyCount "111"]
[EventDate "2010.04.07"]
[EventType "swiss"]
[EventRounds "9"]
[EventCountry "AUS"]
[SourceDate "2010.04.07"]

1. e4 c5 2. Nf3 Nc6 3. d4 cxd4 4. Nxd4 Nf6 5. Nc3 e5 6. Ndb5 d6 7. Bg5 a6 8.
Na3 b5 9. Nd5 Be7 10. Nxe7 Nxe7 11. Bd3 Rb8 12. O-O Be6 13. Qe2 Nd7 14. c4 b4
15. Nc2 Nc5 16. Ne3 f6 17. Bh4 Nc6 18. Rfd1 Nd4 19. Qf1 b3 20. a3 O-O 21. f3
Qc7 22. Rac1 Nxd3 23. Qxd3 Rfc8 24. Bf2 a5 25. Rc3 Qb7 26. Nf1 Nc2 27. Nd2 Qa6
28. Rxb3 Rxb3 29. Qxb3 Bxc4 30. Qxc2 Be6 31. Qa4 Qe2 32. b4 axb4 33. axb4 g5
34. b5 d5 35. exd5 Bxd5 36. b6 Ra8 37. Qc2 Ra2 38. Qc1 g4 39. Qc8+ Kf7 40. Rf1
Rxd2 41. Qd7+ Kg6 42. Qxg4+ Kf7 43. Qd7+ Kg6 44. Qg4+ Kf7 45. Qh4 Bc4 46. Re1
Qd3 47. h3 Bd5 48. Ra1 Rd1+ 49. Rxd1 Qxd1+ 50. Kh2 Qb1 {Black offered a draw.}
51. Qa4 Ke6 52. Qe8+ Kd6 53. Qd8+ Ke6 54. Bh4 Qg6 55. b7 Bxb7 56. Qb6+ 1-0

[Event "Sydney International Open"]
[Site "Parramatta, NSW"]
[Date "2010.04.08"]
[Round "3.18"]
[White "Ansell, Alan"]
[Black "Samar, Raul"]
[Result "0-1"]
[WhiteElo "1968"]
[BlackElo "2235"]
[PlyCount "140"]
[EventDate "2010.04.07"]
[EventType "swiss"]
[EventRounds "9"]
[EventCountry "AUS"]
[SourceDate "2010.04.07"]

1. d4 Nf6 2. Nf3 e6 3. e3 c5 4. Bd3 b6 5. O-O Bb7 6. Nbd2 Be7 7. b3 O-O 8. Bb2
d6 9. c4 Nbd7 10. e4 cxd4 11. Nxd4 Nc5 12. Qe2 Nxd3 13. Qxd3 a6 14. Rae1 Qc7
15. f4 Rfd8 16. Qg3 Ne8 17. f5 e5 18. N4f3 Nf6 19. Kh1 Rac8 20. Qh3 h5 21. Ng5
b5 22. Qg3 Qa5 23. Ndf3 bxc4 24. Bc1 Qc7 25. Nxf7 Kxf7 26. Ng5+ Ke8 27. Ne6 Qa5
28. Nxd8 Qxd8 29. Qxg7 Kd7 30. Bg5 Qf8 31. Qg6 cxb3 32. axb3 Rc2 33. Bh6 Qe8
34. Bg5 Qh8 35. Qf7 Qg8 36. Qxg8 Nxg8 37. f6 Bf8 38. h4 Nh6 39. f7 Ng4 40. Rf5
Ke6 41. Rf3 Nf2+ 42. Kh2 Nxe4 43. Ref1 Nxg5 44. Rf6+ Ke7 45. hxg5 Rxg2+ 46. Kh3
Rxg5 47. Kh4 Rg2 48. Kxh5 Bd5 49. Rg6 Rh2+ 50. Kg5 Bxb3 51. Rgf6 a5 52. R6f3 a4
53. Rc3 Rg2+ 54. Kh4 Rc2 55. Rcf3 e4 56. Rf4 d5 57. Rf5 Rc6 58. Kg4 Re6 59. Rc1
Kd7 60. Rf2 d4 61. Rh1 e3 62. Rh8 Ke7 63. Rf5 e2 64. Ra5 Kxf7 65. Rf5+ Kg7 66.
Rhxf8 Rg6+ 67. Kh5 e1=Q 68. R5f7+ Bxf7 69. Rxf7+ Kg8 70. Rg7+ Rxg7 0-1

[Event "Sydney International Open"]
[Site "Parramatta, NSW"]
[Date "2010.04.08"]
[Round "3.19"]
[White "Ayvazyan, Armen"]
[Black "Cheung, Benjamin"]
[Result "1-0"]
[WhiteElo "2222"]
[BlackElo "1945"]
[PlyCount "129"]
[EventDate "2010.04.07"]
[EventType "swiss"]
[EventRounds "9"]
[EventCountry "AUS"]
[SourceDate "2010.04.07"]

1. Nf3 c5 2. c4 Nc6 3. Nc3 Nf6 4. d4 cxd4 5. Nxd4 g6 6. e4 d6 7. Be2 Bg7 8. Be3
Bd7 9. Nc2 O-O 10. O-O Rc8 11. Qd2 Ne5 12. b3 Bc6 13. f3 b6 14. Rfd1 h5 15.
Rac1 Kh7 16. Nd4 Rh8 17. Ndb5 Qd7 18. a4 Ra8 19. h3 Qb7 20. Rc2 Ned7 21. Rb1 a6
22. Nd4 a5 23. Nd5 Rhe8 24. Bg5 Ng8 25. f4 Nc5 26. Bf3 Bxd4+ 27. Qxd4 e6 28.
Nc3 e5 29. Qxd6 Re6 30. Qd2 Nxe4 31. Nxe4 Bxe4 32. Bxe4 Qxe4 33. Re1 Qf5 34.
Rxe5 Rxe5 35. fxe5 Qxe5 36. Qe3 Qd6 37. Rd2 Qc6 38. Qf2 Kg7 39. Qd4+ Kf8 40.
Qd6+ Qxd6 41. Rxd6 Rb8 42. Rd8+ Rxd8 43. Bxd8 Ne7 44. Bxb6 Nc6 45. Be3 Ke7 46.
Bd2 Ke6 47. Bc3 Kf5 48. Kf2 Ke4 49. Ke2 g5 50. g3 f5 51. Bf6 Nd4+ 52. Bxd4 Kxd4
53. Kf3 Ke5 54. h4 gxh4 55. gxh4 f4 56. c5 Kd5 57. Kxf4 Kxc5 58. Kg5 Kb4 59.
Kxh5 Kxb3 60. Kg6 Kxa4 61. h5 Kb3 62. h6 a4 63. h7 a3 64. h8=Q Ka2 65. Qc3 1-0

[Event "Sydney International Open"]
[Site "Parramatta, NSW"]
[Date "2010.04.08"]
[Round "3.20"]
[White "Holland, Dennis"]
[Black "Shen, Daniel"]
[Result "1-0"]
[WhiteElo "1944"]
[BlackElo "2197"]
[PlyCount "49"]
[EventDate "2010.04.07"]
[EventType "swiss"]
[EventRounds "9"]
[EventCountry "AUS"]
[SourceDate "2010.04.07"]

1. d4 d5 2. c4 c6 3. e3 Nf6 4. Nf3 e6 5. Nbd2 Nbd7 6. Bd3 Bd6 7. O-O O-O 8. Qe2
e5 9. cxd5 cxd5 10. dxe5 Nxe5 11. Nxe5 Bxe5 12. Nf3 Bc7 13. h3 Ne4 14. b3 Qd6
15. Bb2 Re8 16. Rfd1 Qg6 17. Kf1 Qh6 18. Bb5 Bxh3 19. Bxe8 Rxe8 20. Qb5 Nd6 21.
Qxd5 Bf5 22. Rac1 Bb8 23. Qd4 Be4 24. Ke2 Nf5 25. Qxe4 1-0

[Event "Sydney International Open"]
[Site "Parramatta, NSW"]
[Date "2010.04.08"]
[Round "3.21"]
[White "Stojic, Dusan"]
[Black "Guo, Emma"]
[Result "1-0"]
[WhiteElo "2192"]
[BlackElo "1941"]
[PlyCount "81"]
[EventDate "2010.04.07"]
[EventType "swiss"]
[EventRounds "9"]
[EventCountry "AUS"]
[SourceDate "2010.04.07"]

1. e4 c5 2. Nf3 e6 3. d4 cxd4 4. Nxd4 a6 5. Nc3 Qc7 6. Be2 Nc6 7. O-O Nf6 8.
Be3 d6 9. f4 Be7 10. a4 O-O 11. Kh1 Rb8 12. Bf3 Nd7 13. Qe1 Nxd4 14. Bxd4 b6
15. Qg3 Bf6 16. Bxf6 Nxf6 17. e5 dxe5 18. fxe5 Nd7 19. Rae1 Bb7 20. Bd1 Rbd8
21. Ne4 Bxe4 22. Rxe4 Nc5 23. Rg4 f6 24. b4 Nxa4 25. c4 fxe5 26. Re1 Qf7 27. h3
Nb2 28. Be2 Kh8 29. Rf1 Qe7 30. Rxf8+ Qxf8 31. Qxe5 Qf6 {Black offered a draw.}
32. Qc7 e5 33. Rxg7 Nd1 34. Rxh7+ Kg8 35. Rg7+ Kh8 36. Rh7+ Kg8 37. Rh5 Ne3 38.
Qxe5 Rd1+ 39. Kh2 Nf1+ 40. Bxf1 Rxf1 41. Qe8+ 1-0

[Event "Sydney International Open"]
[Site "Parramatta, NSW"]
[Date "2010.04.08"]
[Round "3.22"]
[White "Lester, George"]
[Black "Dhar Barua, Saheli"]
[Result "0-1"]
[WhiteElo "1887"]
[BlackElo "2151"]
[PlyCount "56"]
[EventDate "2010.04.07"]
[EventType "swiss"]
[EventRounds "9"]
[EventCountry "AUS"]
[SourceDate "2010.04.07"]

1. d4 f5 2. g3 Nf6 3. Bg2 g6 4. c3 Bg7 5. Qb3 c6 6. Nd2 d5 7. Nh3 Ne4 8. Nf4 e5
9. Nxe4 fxe4 10. Ne6 Bxe6 11. Qxb7 Qd7 12. Qxa8 O-O 13. dxe5 Na6 14. Qxf8+ Kxf8
15. f4 exf3 16. O-O Kg8 17. Rxf3 Bxe5 18. Bh6 Bg7 19. Be3 Bg4 20. Rf2 Qe7 21.
Bd4 Bxd4 22. cxd4 Qe3 23. Rd1 Nb4 24. h3 Be6 25. Kf1 Qxg3 26. Rf3 Qg5 27. Rb3
Nc2 28. Rdd3 Nxd4 0-1

[Event "Sydney International Open"]
[Site "Parramatta, NSW"]
[Date "2010.04.08"]
[Round "3.23"]
[White "Smirnov, Anton"]
[Black "Yuan, Yi"]
[Result "1-0"]
[WhiteElo "1868"]
[BlackElo "2151"]
[PlyCount "59"]
[EventDate "2010.04.07"]
[EventType "swiss"]
[EventRounds "9"]
[EventCountry "AUS"]
[SourceDate "2010.04.07"]

1. e4 e5 2. Nc3 Nf6 3. Bc4 Nc6 4. d3 Na5 5. Qf3 c6 6. Nge2 d6 7. h3 Nxc4 8.
dxc4 Be6 9. b3 Qd7 10. O-O O-O-O 11. Rd1 Qc7 12. Bb2 Be7 13. Ng3 Ne8 14. Nf5
Bf8 15. Rd2 g6 16. Ne3 Bg7 17. Rad1 f5 18. a4 f4 19. Nf1 h5 20. c5 g5 21. cxd6
Qd7 22. Qd3 g4 23. h4 Qf7 24. g3 Rxd6 25. Qe2 Rxd2 26. Qxd2 Nc7 27. Ba3 fxg3
28. fxg3 Qf3 29. Be7 Bf6 30. Qd8+ 1-0

[Event "Sydney International Open"]
[Site "Parramatta, NSW"]
[Date "2010.04.08"]
[Round "3.24"]
[White "Charles, Gareth"]
[Black "Shaw, Robin A"]
[Result "1-0"]
[WhiteElo "2148"]
[BlackElo "1879"]
[PlyCount "61"]
[EventDate "2010.04.07"]
[EventType "swiss"]
[EventRounds "9"]
[EventCountry "AUS"]
[SourceDate "2010.04.07"]

1. d4 g6 2. c4 Bg7 3. Nf3 f5 4. g3 Nf6 5. Bg2 O-O 6. O-O c6 7. Nc3 d6 8. Qc2
Qe8 9. d5 c5 10. Ne1 Nbd7 11. Nd3 Nb6 12. b3 Ne4 13. Bb2 Nxc3 14. Bxc3 Qf7 15.
a3 g5 16. f4 g4 17. Rae1 Nd7 18. Nf2 Nf6 19. e4 fxe4 20. Nxe4 Bf5 21. Nxf6+
Bxf6 22. Be4 Bxe4 23. Rxe4 Qg6 24. Bxf6 Qxf6 25. Qe2 Rae8 26. Qxg4+ Kh8 27.
Rfe1 Rg8 28. Qe2 Qc3 29. Qe3 Qxe3+ 30. R1xe3 Rg7 31. Re6 1-0

[Event "Sydney International Open"]
[Site "Parramatta, NSW"]
[Date "2010.04.08"]
[Round "3.25"]
[White "Buciu, Aurel John"]
[Black "Monir, Arman"]
[Result "0-1"]
[WhiteElo "1701"]
[BlackElo "2139"]
[PlyCount "48"]
[EventDate "2010.04.07"]
[EventType "swiss"]
[EventRounds "9"]
[EventCountry "AUS"]
[SourceDate "2010.04.07"]

1. d4 Nf6 2. Bf4 d5 3. Nf3 g6 4. e3 Bg7 5. Bd3 O-O 6. c3 c5 7. Nbd2 Nc6 8. h3
Nd7 9. O-O f6 10. Bc2 e5 11. dxe5 fxe5 12. Bg3 e4 13. Ne1 Nf6 14. Rc1 Nh5 15.
Bh2 Qg5 16. f4 exf3 17. Rxf3 Be6 18. Bb3 Bh6 19. Nf1 c4 20. Bc2 Ne5 21. Bxe5
Qxe5 22. Bb1 Rxf3 23. Qxf3 Rf8 24. Qe2 Rxf1+ 0-1

[Event "Sydney International Open"]
[Site "Parramatta, NSW"]
[Date "2010.04.08"]
[Round "3.28"]
[White "Kumar, Manoj"]
[Black "Goundar, Sanmogam"]
[Result "1/2-1/2"]
[WhiteElo "2040"]
[BlackElo "1929"]
[PlyCount "47"]
[EventDate "2010.04.07"]
[EventType "swiss"]
[EventRounds "9"]
[EventCountry "AUS"]
[SourceDate "2010.04.07"]

1. e4 e6 2. d4 d5 3. exd5 exd5 4. Bd3 Bd6 5. Ne2 Ne7 6. Bf4 Bf5 7. O-O O-O 8.
c3 Bxd3 9. Qxd3 Ng6 10. Bxd6 Qxd6 11. Nd2 Nd7 12. Nf3 Nf6 13. Ng3 Rfe8 14. Rfe1
Rxe1+ 15. Rxe1 Re8 16. Rxe8+ Nxe8 17. Qe3 Qe7 18. Qxe7 Nxe7 19. Kf1 f6 20. Ke2
Nd6 21. Kd3 Kf7 22. a3 Nef5 23. Nxf5 Nxf5 24. h3 1/2-1/2

[Event "Sydney International Open"]
[Site "Parramatta, NSW"]
[Date "2010.04.08"]
[Round "3.29"]
[White "Jule, Alexandra"]
[Black "Milligan, Helen"]
[Result "1-0"]
[WhiteElo "1938"]
[BlackElo "2016"]
[PlyCount "49"]
[EventDate "2010.04.07"]
[EventType "swiss"]
[EventRounds "9"]
[EventCountry "AUS"]
[SourceDate "2010.04.07"]

1. d4 Nf6 2. Nf3 g6 3. g3 Bg7 4. Bg2 d6 5. O-O O-O 6. c4 Nbd7 7. Nc3 e5 8. h3
Re8 9. e4 exd4 10. Nxd4 a6 11. Be3 Rb8 12. Qc2 Ne5 13. b3 c5 14. Nde2 b5 15. f4
Ned7 16. Rad1 Qe7 17. Qd3 b4 18. Nd5 Nxd5 19. Qxd5 Nf6 20. Qxd6 Nxe4 21. Qxe7
Rxe7 22. Rd8+ Bf8 23. Bxe4 Rxe4 24. Bxc5 Rxe2 25. Bxf8 1-0

[Event "Sydney International Open"]
[Site "Parramatta, NSW"]
[Date "2010.04.08"]
[Round "3.30"]
[White "Ilic, Ilija"]
[Black "Deen Cowell, Nicholas Andrew"]
[Result "0-1"]
[WhiteElo "2009"]
[BlackElo "1896"]
[PlyCount "98"]
[EventDate "2010.04.07"]
[EventType "swiss"]
[EventRounds "9"]
[EventCountry "AUS"]
[SourceDate "2010.04.07"]

1. d4 Nf6 2. Nc3 d5 3. Bf4 g6 4. Qd2 Bg7 5. f3 O-O 6. Bh6 c5 7. Bxg7 Kxg7 8.
dxc5 Nc6 9. O-O-O e6 10. Nb5 a6 11. Nd4 e5 12. Nxc6 bxc6 13. h4 h5 14. e4 Qe7
15. exd5 cxd5 16. Qa5 Bd7 17. Bd3 Bb5 18. b4 e4 19. Bf1 Qe5 20. Kb1 d4 21. f4
Qxf4 22. Ne2 Qg4 23. Rd2 d3 24. cxd3 exd3 25. Nc3 Ne4 26. Nxe4 Qxe4 27. Qa3
Rad8 28. Qc3+ Kg8 29. Rh3 Rd4 30. a3 Rfd8 31. Rf3 Qxh4 32. Bxd3 Bxd3+ 33. Kb2
Bb5 34. Rdf2 Rc4 35. Qf6 Qxf6+ 36. Rxf6 Rd7 37. Rc2 Kg7 38. Rb6 Rf4 39. Kb3
Rd3+ 40. Kb2 Rd7 41. Kb3 Rf6 42. Rc3 Rxb6 43. cxb6 Rb7 44. a4 Bf1 45. a5 Bxg2
46. b5 axb5 47. Kb4 h4 48. Kxb5 h3 49. a6 h2 0-1

[Event "Sydney International Open"]
[Site "Parramatta, NSW"]
[Date "2010.04.08"]
[Round "3.31"]
[White "Zulfic, Fedja"]
[Black "Ruan, Harry"]
[Result "1-0"]
[WhiteElo "2008"]
[BlackElo "1801"]
[PlyCount "95"]
[EventDate "2010.04.07"]
[EventType "swiss"]
[EventRounds "9"]
[EventCountry "AUS"]
[SourceDate "2010.04.07"]

1. c4 c5 2. Nc3 Nc6 3. g3 g6 4. Bg2 Bg7 5. e3 d6 6. Nge2 e5 7. O-O Nge7 8. Rb1
O-O 9. a3 a5 10. d3 Be6 11. Nd5 Bxd5 12. cxd5 Nb8 13. Nc3 Nd7 14. b4 b6 15. Nb5
Qb8 16. d4 c4 17. bxa5 Rxa5 18. Bd2 Ra6 19. Bb4 Nc8 20. Qc2 f5 21. Qxc4 Ra8 22.
Rfc1 Rf6 23. Nc7 Ra7 24. Ne8 Rf8 25. Qxc8 Rxe8 26. Qxb8 Nxb8 27. Bxd6 exd4 28.
exd4 Bxd4 29. Rd1 Bc5 30. Bxc5 bxc5 31. d6 Nd7 32. Bc6 Rc8 33. Bxd7 Rxd7 34.
Rbc1 c4 35. Kf1 Kf7 36. Rd4 Ke6 37. Re1+ Kf6 38. Rc1 Ke5 39. Rd2 c3 40. Rd3 c2
41. Rd2 Rc3 42. Rcxc2 Rxa3 43. Rc7 Rd8 44. Rxh7 Rxd6 45. Re7+ Kf6 46. Rxd6+
Kxe7 47. Rxg6 Kf7 48. Rb6 1-0

[Event "Sydney International Open"]
[Site "Parramatta, NSW"]
[Date "2010.04.08"]
[Round "3.34"]
[White "Maroroa, Sue"]
[Black "Christensen, Joshua"]
[Result "0-1"]
[WhiteElo "1945"]
[BlackElo "1838"]
[PlyCount "98"]
[EventDate "2010.04.07"]
[EventType "swiss"]
[EventRounds "9"]
[EventCountry "AUS"]
[SourceDate "2010.04.07"]

1. e4 c6 2. Ne2 d5 3. e5 Bf5 4. Ng3 Bg6 5. h4 h6 6. h5 Bh7 7. e6 fxe6 8. d4 Qd6
9. f4 Nf6 10. Bd3 Nbd7 11. Bxh7 Nxh7 12. Qd3 O-O-O 13. O-O Nhf6 14. Re1 g5 15.
hxg6 h5 16. Qa3 h4 17. Nf1 Qxa3 18. Nxa3 Ne4 19. Nd2 Ndf6 20. Nf3 h3 21. Nb1
Ng4 22. gxh3 Rxh3 23. Nbd2 Rg3+ 24. Kf1 Nxd2+ 25. Nxd2 Bg7 26. Nb3 Rh8 27. Ke2
Rh2+ 28. Kd1 Nf2+ 29. Kd2 Nd3+ 30. Re2 Nf2 31. Re3 Ne4+ 32. Kd3 Rgg2 33. c3 b6
34. Rxe4 dxe4+ 35. Kxe4 Rh1 36. Kf3 Rxg6 37. Be3 Rxa1 38. Nxa1 Rh6 39. Kg2 Rg6+
40. Kf3 Bf6 41. Bf2 Rh6 42. Kg2 Bh4 43. Be3 Rg6+ 44. Kh2 Kd7 45. Nc2 Kd6 46.
Kh3 Bf6 47. Nb4 a5 48. Nd3 Kd5 49. f5 Rg8 0-1

[Event "Sydney International Open"]
[Site "Parramatta, NSW"]
[Date "2010.04.08"]
[Round "3.35"]
[White "Barisic, Frank"]
[Black "Chen, Peng Yu"]
[Result "0-1"]
[WhiteElo "1833"]
[BlackElo "1934"]
[PlyCount "86"]
[EventDate "2010.04.07"]
[EventType "swiss"]
[EventRounds "9"]
[EventCountry "AUS"]
[SourceDate "2010.04.07"]

1. e4 e5 2. Nf3 Nc6 3. Bc4 Nf6 4. Nc3 Nxe4 5. Nxe4 d5 6. Bb5 dxe4 7. Nxe5 Qd5
8. Nxc6 Qxb5 9. Nd4 Qd5 10. c3 Bc5 11. Ne2 O-O 12. O-O Bf5 13. Qb3 Qc6 14. Ng3
Bg6 15. Ne2 Rad8 16. a4 Bf5 17. Qb5 Qxb5 18. axb5 Be6 19. Ra4 f5 20. c4 Bb6 21.
b3 Rfe8 22. Ra2 Rd3 23. Rb2 Rxb3 24. Rxb3 Bxc4 25. Rb2 Bxe2 26. Re1 Bd3 27. Rb3
Rd8 28. g3 Rd5 29. Kg2 Rxb5 30. Rxb5 Bxb5 31. f3 Bd3 32. Bb2 a5 33. Bc3 a4 34.
Ra1 Bc2 35. Ra2 Bb3 36. Ra1 Bc5 37. fxe4 fxe4 38. Kf1 b5 39. Ke2 b4 40. Be5 Bc2
41. Rc1 b3 42. d3 exd3+ 43. Kd2 Bb4+ 0-1

[Event "Sydney International Open"]
[Site "Parramatta, NSW"]
[Date "2010.04.08"]
[Round "3.36"]
[White "Yu, Sally"]
[Black "Gu, Sean"]
[Result "1-0"]
[WhiteElo "1933"]
[BlackElo "1819"]
[Annotator "Yu,Sally"]
[PlyCount "53"]
[EventDate "2010.04.07"]
[EventType "swiss"]
[EventRounds "9"]
[EventCountry "AUS"]
[SourceDate "2010.04.07"]

1. e4 c5 2. Nf3 e6 3. d4 cxd4 4. Nxd4 Nf6 5. Nc3 Bb4 6. e5 Nd5 7. Bd2 Bxc3 8.
bxc3 a6 9. Qg4 O-O 10. Bh6 g6 11. Bxf8 Kxf8 12. Qg3 Qc7 13. Be2 (13. Kd2) 13...
Nxc3 14. O-O Nxe2+ (14... Qc5 $1) 15. Nxe2 Nc6 16. f4 b5 17. c3 Ne7 18. Nd4 Nd5
19. Rad1 Nxc3 20. Rd3 Nd5 21. Qh4 (21. f5 exf5 22. Nxf5 Qc5+ 23. Kh1 gxf5)
21... h5 (21... Kg7 22. Rh3 h5 23. Rg3 (23. g4 Qc5 24. Rd1) (23. f5 Qxe5 24.
fxg6 fxg6) 23... Kh7 24. f5) 22. f5 exf5 23. Nxf5 Qc5+ 24. Kh1 Kg8 25. Nh6+ Kg7
26. Qg5 f5 27. Nxf5+ 1-0

[Event "Sydney International Open"]
[Site "Parramatta, NSW"]
[Date "2010.04.08"]
[Round "3.38"]
[White "Voon, Richard"]
[Black "Perera, Pasan"]
[Result "0-1"]
[WhiteElo "1915"]
[BlackElo "1575"]
[PlyCount "108"]
[EventDate "2010.04.07"]
[EventType "swiss"]
[EventRounds "9"]
[EventCountry "AUS"]
[SourceDate "2010.04.07"]

1. c4 c6 2. d4 d5 3. Nf3 Nf6 4. Nc3 dxc4 5. a4 Bf5 6. Ne5 e6 7. Nxc4 Bb4 8. Bg5
Nbd7 9. f3 h6 10. Bh4 b5 11. axb5 cxb5 12. Nd2 a6 13. e4 Bh7 14. Bd3 Nc5 15.
Nb3 Na4 16. Qd2 g5 17. Bf2 Rc8 18. Rxa4 bxa4 19. Nc5 Bxc5 20. dxc5 Rc6 21. O-O
O-O 22. Nxa4 Nh5 23. Rd1 Nf4 24. Bf1 Qxd2 25. Rxd2 f5 26. g3 Ng6 27. Nc3 g4 28.
Bg2 f4 29. fxg4 f3 30. Bf1 Ne5 31. h3 Nf7 32. h4 Rd8 33. Rxd8+ Nxd8 34. Be3 Nf7
35. b4 Ne5 36. Bh3 Nd3 37. Bxh6 Nxb4 38. Be3 Nd3 39. g5 Nxc5 40. Bxc5 Rxc5 41.
Bxe6+ Kg7 42. Nd5 Bxe4 43. Ne3 a5 44. g4 a4 45. Nf5+ Bxf5 46. gxf5 Re5 47. f6+
Kf8 48. Bc4 Re4 49. Bd5 Rxh4 50. Bxf3 Rf4 51. Bd1 a3 52. Bb3 Rg4+ 53. Kf2 Rxg5
54. Ke3 Rg3+ 0-1